Shoreline /
Saved in:
| Corporate Author: | |
|---|---|
| Other Authors: | , |
| Format: | Book |
| Language: | English |
| Published: |
Zurich, Switzerland :
Graphis Press Corp.,
c1995.
|
| Subjects: | |
| Tags: |
Add Tag
No Tags, Be the first to tag this record!
|
| LEADER | 00947nam a2200313Ia 4500 | ||
|---|---|---|---|
| 001 | 007673473-0 | ||
| 005 | 20020606104010.5 | ||
| 008 | 951208s1995 sz a 001 0 eng d | ||
| 020 | |a 3857094613 | ||
| 020 | |a 082306462X (USA) | ||
| 035 | 0 | |a ocm33879078 | |
| 040 | |a RVE |c RVE |d FLL | ||
| 050 | 4 | |a TR670 |b .S48 1995 | |
| 090 | |a TR670 |b .S48 1995 | ||
| 245 | 0 | 0 | |a Shoreline / |c introduction by Mark Strand. |
| 246 | 1 | |i At head of title: |a Graphis | |
| 260 | |a Zurich, Switzerland : |b Graphis Press Corp., |c c1995. | ||
| 300 | |a 95 p. : |b chiefly ill. (some col.) ; |c 30 x 40 cm. | ||
| 500 | |a Includes indexes. | ||
| 650 | 0 | |a Shorelines |x Pictorial works. | |
| 650 | 0 | |a Seashore |x Pictorial works. | |
| 650 | 0 | |a Marine photography. | |
| 650 | 0 | |a Photography, Artistic. | |
| 655 | 7 | |a Pictorial works. |2 fast | |
| 700 | 1 | |a Strand, Mark, |d 1934- | |
| 710 | 2 | |a Graphis Press Corp. | |
| 700 | 1 | |a Strand, Mark, |d 1934-2014. | |
| 988 | |a 20020608 | ||
| 906 | |0 OCLC | ||


